000 00340pab a2200121 454500
008 180718b xxu||||| |||| 00| 0 eng d
100 _aRydell, Robert W
245 _aMuseums and cultural history (review article)
650 _a Culture
650 _aMuseums, Historical
773 _aComparative Studies in Society and History
909 _a22286
999 _c22286
_d22286